Animals by Emoji #1 - Statistics

General Stats
  • This quiz has been taken 87 times
  • The average score is 15 of 15
Answer Stats
Hint Answer % Correct
🐻 Bear
100%
🐱 Cat
100%
🐶 Dog
100%
🦊 Fox
100%
🦁 Lion
100%
🐷 Pig
100%
🐰 Rabbit
100%
🐮 Cow
98%
🐸 Frog
98%
🐭 Mouse
98%
🐼 Panda
98%
🐯 Tiger
97%
🐨 Koala
94%
🐻‍❄️ Polar bear
89%
🐹 Hamster
83%
No matching quizzes found
Score Distribution
Percent of People with Each Score
Percentile by Number Answered
Your Score History
You have not taken this quiz